000 00888nam a22001457a 4500
008 110608t xxu||||| |||| 00| 0 eng d
010 _aSCCAF23
245 _aSupreme Court Criminal Appeal No. 45 OF 1999 Katumba James Vs Uganda
260 _c1999
500 _aCoram: Wambuzi, C.J., Oder, Tsekooko, Kanyeihamba and Mukasa-Kikonyogo J.J.S.C
500 _aAppeal against the decision of the Court of Appeal Manyindo D.C.J., Engwau and Twinomujuni, J.J.A in Criminal Appeal No.58 of 1997 dated 29.7.1999 confirming the conviction and sentence of the High Court Mukanza, J dated 1.12.97
999 _c2513
_d2513